prevention of highly pathogenic avian influenza in sre ronaung commune, tramkak district, takeo province (ការទប់ស្កាត់ការឆ្លងរាលដាល ជម្ងឺផ្តាសាយបក្សី នៅឃុំស្រែរនោង ស្រុកត្រាំកក់ ខេត្តតាកេវ) (Record no. 5807)
[ view plain ]
| 000 -LEADER | |
|---|---|
| fixed length control field | 00715nam a22001577a 4500 |
| 003 - CONTROL NUMBER IDENTIFIER | |
| control field | OSt |
| 005 - DATE AND TIME OF LATEST TRANSACTION | |
| control field | 20160111102834.0 |
| 008 - FIXED-LENGTH DATA ELEMENTS--GENERAL INFORMATION | |
| fixed length control field | 160111b xxu||||| |||| 00| 0 eng d |
| 040 ## - CATALOGING SOURCE | |
| Transcribing agency | RUA |
| 082 ## - DEWEY DECIMAL CLASSIFICATION NUMBER | |
| Classification number | GRS KRA 2007 B340 Or.1 |
| 100 ## - MAIN ENTRY--PERSONAL NAME | |
| 9 (RLIN) | 6233 |
| Personal name | KRAUTCH, KIRY. |
| 245 ## - TITLE STATEMENT | |
| Title | prevention of highly pathogenic avian influenza in sre ronaung commune, tramkak district, takeo province (ការទប់ស្កាត់ការឆ្លងរាលដាល ជម្ងឺផ្តាសាយបក្សី នៅឃុំស្រែរនោង ស្រុកត្រាំកក់ ខេត្តតាកេវ) |
| 260 ## - PUBLICATION, DISTRIBUTION, ETC. (IMPRINT) | |
| Place of publication, distribution, etc. | Phnom Penh |
| Name of publisher, distributor, etc. | RUA |
| Date of publication, distribution, etc. | 2007 |
| 300 ## - PHYSICAL DESCRIPTION | |
| Extent | viii, 50p. |
| Other physical details | ill. |
| Dimensions | 29cm. |
| 942 ## - ADDED ENTRY ELEMENTS (KOHA) | |
| Source of classification or shelving scheme | |
| Koha item type | GRS |
| Price effective from | Date last seen | Permanent Location | Not for loan | Date acquired | Source of classification or shelving scheme | Koha item type | Lost status | Withdrawn status | Total Renewals | Date last checked out | Total Checkouts | Shelving location | Damaged status | Barcode | Current Location | Full call number |
|---|---|---|---|---|---|---|---|---|---|---|---|---|---|---|---|---|
| 2016-01-11 | 2016-01-11 | Library Block B | 2016-01-11 | GRS | B340 | RUA040292 | Library Block B | GRS KRA 2007 B340 Or.1 | ||||||||
| 2016-01-11 | 2016-01-11 | Library Block B | 2016-01-11 | GRS | B340 | RUA040238 | Library Block B | GRS KRA 2007 B340 Or.2 | ||||||||
| 2016-01-11 | 2018-12-19 | Library Block B | 2016-01-11 | GRS | 2018-12-04 | 1 | B340 | RUA040052 | Library Block B | GRS KRA 2007 B340 Or.3 | ||||||
| 2016-01-11 | 2016-01-11 | Library Block B | 2016-01-11 | GRS | B340 | RUA040232 | Library Block B | GRS KRA 2007 B340 Or.4 | ||||||||
| 2016-01-11 | 2019-08-02 | Library Block B | 2016-01-11 | GRS | 2019-07-24 | 1 | B340 | RUA039946 | Library Block B | GRS KRA 2007 B340 Or.5 | ||||||
| 2016-01-11 | 2019-11-01 | Library Block B | 2016-01-11 | GRS | 1 | 2019-10-04 | 1 | B340 | RUA040412 | Library Block B | GRS KRA 2007 B340 Or.6 | |||||
| 2016-01-11 | 2017-08-14 | Library Block B | 2016-01-11 | GRS | 2017-07-28 | 1 | B340 | RUA040021 | Library Block B | GRS KRA 2007 B340 Or.7 | ||||||
| 2016-01-11 | 2019-07-26 | Library Block B | 2016-01-11 | GRS | 2019-07-12 | 1 | B340 | RUA040355 | Library Block B | GRS KRA 2007 B340 Or.8 | ||||||
| 2016-01-11 | 2016-01-11 | Library Block B | 2016-01-11 | GRS | B340 | RUA039721 | Library Block B | GRS KRA 2007 B340 Or.9 | ||||||||
| 2016-01-11 | 2019-07-24 | Library Block B | 2016-01-11 | GRS | 2019-07-08 | 1 | B340 | RUA046545 | Library Block B | GRS KRA 2007 B340 Or.10 | ||||||
| 2016-01-11 | 2016-01-11 | Library Block B | 2016-01-11 | GRS | B340 | RUA40919 | Library Block B | GRS KRA 2007 B340 Or.11 |